Poems of revolt : Some Chinese voices over the last century
Сохранить в:
| Главный автор: | |
|---|---|
| Формат: | |
| Язык: | Undetermined |
| Опубликовано: |
Peking
New World Press
1962
|
| Предметы: | |
| Метки: |
Добавить метку
Нет меток, Требуется 1-ая метка записи!
|
| Thư viện lưu trữ: | Trung tâm Học liệu Trường Đại học Cần Thơ |
|---|
| LEADER | 00510nam a2200193Ia 4500 | ||
|---|---|---|---|
| 001 | CTU_89949 | ||
| 008 | 210402s9999 xx 000 0 und d | ||
| 082 | |a 951 | ||
| 082 | |b A435 | ||
| 100 | |a Alley, Rewi | ||
| 245 | 0 | |a Poems of revolt : | |
| 245 | 0 | |b Some Chinese voices over the last century | |
| 245 | 0 | |c Rewi Alley | |
| 260 | |a Peking | ||
| 260 | |b New World Press | ||
| 260 | |c 1962 | ||
| 650 | |a Chinese poetry | ||
| 904 | |i Bằng,Hải | ||
| 980 | |a Trung tâm Học liệu Trường Đại học Cần Thơ | ||